00642nam a2200241 a 4500001001300000003000900013005001700022008004100039020001000080082001600090100002200106245002200128260003200150300000900182500003500191505001000226650001600236700002200252902000800274942000700282952009600289999001500385nice12345678IN_TiNIC20260116011538.0050524s1886 lona grp 000 0 per  ac10000a297.4bRAZ1 aRazi, Fakharuddin aAsraar-Ut-Tanzeel aLondon bNo Publisherc1886 a170p aincludes index and biblioraphy2 aIndex aSufism-Razi1 aRazi, Fakharuddin bSRS cBK 00104070aHMIbHMId2007-09-27g100.00l0o297.4 RAZ1p4501r2007-09-27w2026-01-16yARB c2497d2497